| 000 | 00564nam a2200133Ia 4500 | ||
|---|---|---|---|
| 008 | 171212s9999 xx 000 0 und d | ||
| 020 | _a9781785330698 | ||
| 245 |
_ceditor Knörr, Jacqueline;Kohl, Christoph _aThe Upper Guinea Coast in Global Perspective |
||
| 260 |
_bBerghahn Books _c2016 |
||
| 440 | _aIntegration and Conflict Studies | ||
| 650 | _aAnthropology | ||
| 650 | _aGlobalization -- Political aspects -- Guinea (Region); Guinea (Region) -- Politics and government; Guinea (Region) -- Social conditions | ||
| 856 | _uhttp://jstor.org/stable/j.ctt1kk66c1 | ||
| 999 |
_c351436 _d351436 |
||